Living architecture No. 16 / (Record no. 20743)
[ view plain ]
| 000 -CABECERA | |
|---|---|
| campo de control de longitud fija | 00864nam a2200241 4500 |
| 003 - IDENTIFICADOR DEL NÚMERO DE CONTROL | |
| campo de control | OSt |
| 005 - FECHA Y HORA DE LA ÚLTIMA TRANSACCIÓN | |
| campo de control | 20260601171017.0 |
| 008 - DATOS DE LONGITUD FIJA--INFORMACIÓN GENERAL | |
| campo de control de longitud fija | 260508b1998\\\\dk\|||||\||||\00|\0\eng\d |
| 020 ## - NÚMERO INTERNACIONAL ESTÁNDAR DEL LIBRO | |
| Número Internacional Estándar del Libro | 01084135 |
| 040 ## - FUENTE DE LA CATALOGACIÓN | |
| Centro catalogador/agencia de origen | ICI |
| Lengua de catalogación | spa |
| Centro/agencia transcriptor | ICI |
| Normas de descripción | rda |
| 050 #0 - SIGNATURA TOPOGRÁFICA DE LA BIBLIOTECA DEL CONGRESO | |
| Número de clasificación | NA1211 |
| Número de documento/Ítem | L58 1998 |
| 245 #0 - MENCIÓN DE TÍTULO | |
| Título | Living architecture No. 16 / |
| Resto del título | editor and publisher, Per Nagel. |
| 264 ## - PRODUCCIÓN, PUBLICACIÓN, DISTRIBUCIÓN, FABRICACIÓN Y COPYRIGHT | |
| Producción, publicación, distribución, fabricación y copyright | Copenhagen : |
| Nombre del de productor, editor, distribuidor, fabricante | Living Architecture ApS, |
| Fecha de producción, publicación, distribución, fabricación o copyright | 1998. |
| 300 ## - DESCRIPCIÓN FÍSICA | |
| Extensión | 208 páginas : |
| Otras características físicas | ilustraciones (principalmente a color) ; |
| 336 ## - TIPO DE CONTENIDO | |
| Fuente | rdacontent |
| Término de tipo de contenido | texto |
| 337 ## - TIPO DE MEDIO | |
| Fuente | rdamedia |
| Nombre/término del tipo de medio | sin medio |
| 338 ## - TIPO DE SOPORTE | |
| Fuente | rdacarrier |
| Nombre/término del tipo de soporte | volumen |
| 500 ## - NOTA GENERAL | |
| Nota general | Título de la cubierta. |
| 650 ## - PUNTO DE ACCESO ADICIONAL DE MATERIA--TÉRMINO DE MATERIA | |
| Término de materia o nombre geográfico como elemento de entrada | Arquitectura |
| Subdivisión de forma | Publicaciones periódicas. |
| Subdivisión cronológica | Siglo XX |
| Subdivisión geográfica | Escandinavia |
| 9 (RLIN) | 34153 |
| 650 ## - PUNTO DE ACCESO ADICIONAL DE MATERIA--TÉRMINO DE MATERIA | |
| Término de materia o nombre geográfico como elemento de entrada | Diseño de interiores |
| Subdivisión de forma | Publicaciones periódicas. |
| Subdivisión geográfica | Escandinavia |
| 9 (RLIN) | 34154 |
| 700 #1 - PUNTO DE ACCESO ADICIONAL--NOMBRE DE PERSONA | |
| Nombre de persona | Nagel, Per, |
| Término indicativo de función/relación | editor. |
| 9 (RLIN) | 34155 |
| 942 ## - ELEMENTOS DE PUNTO DE ACCESO ADICIONAL (KOHA) | |
| Fuente del sistema de clasificación o colocación | Library of Congress Classification |
| Suprimir en OPAC | 1 |
| Tipo de ítem Koha | Libros |
No items available.